000 00477nam a22001697a 4500
005 20251108164934.0
008 250721s1992 xx 000 0 ara d
082 1 4 _a811.962/عبد
100 1 _aطايل، عبد الجواد
245 1 0 _aو الحب كان الثمن /
264 1 _aالقاهرة :
_bالمكتب المصري الحديث،
_c1992.
300 _a154ص
650 1 7 _aالشعر الحديث
650 1 7 _aمصر
942 _2ddc
_cBK
999 _c17932
_d17932